A carregar...
Jsp2.0the Complete Reference
| Autor principal: | |
|---|---|
| Formato: | Printed Book |
| Publicado em: |
Tata Mc Graw Hill
2006
|
| LEADER | 00407nam a2200121 4500 | ||
|---|---|---|---|
| 082 | |a 005.72 JSP | ||
| 100 | |a Hanna , Phil | ||
| 245 | |a Jsp2.0the Complete Reference |c Phil Hanna |h [Text] | ||
| 260 | |b Tata Mc Graw Hill |c 2006 | ||
| 300 | |a Paper back | ||
| 942 | |c BK | ||
| 999 | |c 83733 |d 83733 | ||
| 952 | |0 0 |1 0 |4 0 |6 005_720000000000000_JSP |7 0 |9 75993 |a SOCS |b SOCS |d 2015-06-11 |g 8.95 |l 0 |o 005.72 JSP |p SOCS3040 |r 2015-06-11 |w 2015-06-11 |y BK | ||